| 000 | 00820cam a22002174a 4500 | ||
|---|---|---|---|
| 005 | 20250605163956.0 | ||
| 008 | 250528s ||||||||||||||||||||||||d | ||
| 035 | _a15471 | ||
| 020 | _a1861522746 | ||
| 040 |
_aGR-AtMCL _bgre _dGR-AtMCL _eAACR2 |
||
| 245 | 1 | _aProject Management / The Open University | |
| 250 | _a1st | ||
| 260 |
_bThomson Learning, _c1998 |
||
| 300 | _a448 | ||
| 520 | _aThis book covers all the basic principles and the reader can apply these to a range of projects. Project Initiation, Risk and Estimates and Contracts, Planning, Building and Learning the Team, Managing and Controlling Progress and Cost, Managing Quality and Change, Closing the Project, Appendices. | ||
| 700 | 1 |
_aField Mike _91400 |
|
| 700 | 1 |
_aKeller Laurie _91401 |
|
| 942 | _cBK | ||
| 999 |
_c1050 _d1050 |
||